<?xml version="1.0" encoding="UTF-8"?>
<record
    xmlns:xsi="http://www.w3.org/2001/XMLSchema-instance"
    xsi:schemaLocation="http://www.loc.gov/MARC21/slim http://www.loc.gov/standards/marcxml/schema/MARC21slim.xsd"
    xmlns="http://www.loc.gov/MARC21/slim">

  <leader>00770nam a22001937a 4500</leader>
  <controlfield tag="003">BDDh-ASL</controlfield>
  <controlfield tag="005">20231015031230.0</controlfield>
  <controlfield tag="008">220427s2011    ii ||||| |||| 00| 0 b   d</controlfield>
  <datafield tag="040" ind1=" " ind2=" ">
    <subfield code="c">BDDh-ASL</subfield>
  </datafield>
  <datafield tag="041" ind1=" " ind2=" ">
    <subfield code="a">bengali </subfield>
  </datafield>
  <datafield tag="082" ind1=" " ind2=" ">
    <subfield code="a">910</subfield>
    <subfield code="b">DEP</subfield>
  </datafield>
  <datafield tag="100" ind1="1" ind2=" ">
    <subfield code="a">&#x9A6;&#x9C7;&#x9AC;&#x9B0;&#x9BE;&#x9AF;&#x9BC;, &#x9AE;&#x9A8;&#x9CB;&#x99C; &#x9AC;&#x9BF;&#x995;&#x9BE;&#x9B6;</subfield>
    <subfield code="9">7546</subfield>
  </datafield>
  <datafield tag="245" ind1="1" ind2="0">
    <subfield code="a">&#x9AA;&#x9CD;&#x9B0;&#x9AC;&#x9BE;&#x9B8;&#x9C7;&#x9B0; &#x9A6;&#x9BF;&#x9A8;&#x9B2;&#x9BF;&#x9AA;&#x9BF;:</subfield>
    <subfield code="b">(&#x9AA;&#x9CD;&#x9B0;&#x9AD;&#x9C1;&#x9AA;&#x9BE;&#x9A6; &#x9AC;&#x9BF;&#x9A8;&#x9CB;&#x9A6; &#x995;&#x9BF;&#x9B6;&#x9CB;&#x9B0; &#x998;&#x9CB;&#x9B8;&#x9CD;&#x9AC;&#x9BE;&#x9AE;&#x9C0;&#x9B0; &#x9AD;&#x9C2;&#x9AE;&#x9BF;&#x995;&#x9BE;&#x9B8;&#x9B9;) /</subfield>
  </datafield>
  <datafield tag="246" ind1=" " ind2=" ">
    <subfield code="a">Probasher Dinlipi. </subfield>
  </datafield>
  <datafield tag="260" ind1=" " ind2=" ">
    <subfield code="a">&#x9B8;&#x9BF;&#x9B2;&#x9C7;&#x99F;: </subfield>
    <subfield code="b">&#x9AE;&#x9A8;&#x9CB;&#x99C; &#x9AC;&#x9BF;&#x995;&#x9BE;&#x9B6; &#x9A6;&#x9C7;&#x9AC;&#x9B0;&#x9BE;&#x9AF;&#x9BC;, </subfield>
    <subfield code="c">&#x9E8;&#x9E6;&#x9E7;&#x9EA;&#x964; </subfield>
  </datafield>
  <datafield tag="300" ind1=" " ind2=" ">
    <subfield code="a">&#x9E7;&#x9EA;&#x9EA; &#x9AA;&#x9C3;&#x9B7;&#x9CD;&#x9A0;&#x9BE;; </subfield>
    <subfield code="c">&#x9E8;&#x9E8; &#x9B8;&#x9C7;.&#x9AE;&#x9BF;. </subfield>
  </datafield>
  <datafield tag="650" ind1=" " ind2="0">
    <subfield code="9">6149</subfield>
    <subfield code="a">Trabel (&#x9AD;&#x9CD;&#x9B0;&#x9AE;&#x9A3;)</subfield>
  </datafield>
  <datafield tag="942" ind1=" " ind2=" ">
    <subfield code="2">ddc</subfield>
    <subfield code="c">BK</subfield>
  </datafield>
  <datafield tag="952" ind1=" " ind2=" ">
    <subfield code="0">0</subfield>
    <subfield code="1">0</subfield>
    <subfield code="2">ddc</subfield>
    <subfield code="4">0</subfield>
    <subfield code="7">0</subfield>
    <subfield code="8">NFIC</subfield>
    <subfield code="a">ASL</subfield>
    <subfield code="b">ASL</subfield>
    <subfield code="c">GEN</subfield>
    <subfield code="d">2023-03-17</subfield>
    <subfield code="e">Complimentary</subfield>
    <subfield code="l">0</subfield>
    <subfield code="o">910 DEP</subfield>
    <subfield code="p">119706</subfield>
    <subfield code="r">2023-03-17 00:00:00</subfield>
    <subfield code="t">C-1</subfield>
    <subfield code="w">2023-03-17</subfield>
    <subfield code="y">BK</subfield>
  </datafield>
  <datafield tag="999" ind1=" " ind2=" ">
    <subfield code="c">31097</subfield>
    <subfield code="d">31097</subfield>
  </datafield>
</record>
